Design of Landfills and Integrated Solid Waste Management /

Guardado en:
書目詳細資料
主要作者: Bagchi, Amalendu (autor)
格式: 圖書
語言:英语
出版: Hoboken, EUA : Wiley, 2004, c2004
版:3a edición
主題:
標簽: 添加標簽
沒有標簽, 成為第一個標記此記錄!

MARC

LEADER 00000nam^a2200000^a^4500
001 000165200
005 20250521000000.0
009 20260310101011.302
020 |a 0-471-25499-1 
037 |a Acervo ITESO - Biblioteca 
041 |a ING 
082 |a 628. 44564  |b BAG 
100 |a Bagchi, Amalendu  |e (autor) 
245 1 0 |a Design of Landfills and Integrated Solid Waste Management /  |c A. Bagchi. 
250 |a 3a edición 
264 4 |a Hoboken, EUA :  |b Wiley,  |c 2004, c2004 
300 |a XVI, 696 p. 
336 |a texto  |b txt  |2 rdacontenido 
337 |a sin mediación  |b n  |2 rdamedio 
338 |a volumen  |b nc  |2 rdasoporte 
649 |a XX 
650 |a Rellenos Sanitarios -  |x Tema Principal 
650 |a Basura -  |x Quemado 
650 |a Basura -  |x Tratamiento y Reciclaje 
650 |a Desechos -  |x Tratamiento y Reciclaje 
650 |a Biodegradación 
650 |a Contaminación Ambiental 
650 |a Conservación y Protección Ambiental 
650 |a Gestión Ambiental -  |x Tema Principal 
650 |a Ingeniería Sanitaria 
650 |a Ingeniería Ambiental 
910 |a Fondo General 
920 |a Impresos - Libros 
930 |a Colección General 
905 |a 101 
901 |a 0500099658  |b IT1  |c ACC  |u 20250521 
901 |a 0500099650  |b IT1  |c ACC  |u 20250521 
902 |a https://opac.biblio.iteso.mx/vufind/Record/000165200